Normal view
MARC view
Entry Personal Name
001 - CONTROL NUMBER
- control field: 22288
003 - CONTROL NUMBER IDENTIFIER
- control field: ARRUPE
005 - DATE AND TIME OF LATEST TRANSACTION
- control field: 20160215114317.0
008 - FIXED-LENGTH DATA ELEMENTS
- fixed length control field: 160215|| aca||aabn | a|a d
040 ## - CATALOGING SOURCE
- Original cataloging agency: ARRUPE
- Transcribing agency: ARRUPE
100 ## - HEADING--PERSONAL NAME
- Personal name: Carnap, Rudolf,
- Dates associated with a name: 1891-1970.
670 ## - SOURCE DATA FOUND
- Source citation: Work cat.: (ARRUPE)0: Friedman, Michael, 1947- 17547, A parting of the ways :, c2000.